000 00718nam a2200217 i 4500
001 81718
003 ES-MaACL
005 20230906174510.0
007 t|
008 041105s1960 sp ||||1| spa d
245 0 0 _aHumanismo y mundo moderno /
_cGiuseppe Toffanin... [et al.] ; traducción y prólogo de José Oroz.
260 _aMadrid :
_bAvgvstinus,
_c1960 (
_fHalar)
300 _a319 p. ;
_c20 cm.
490 1 _aAvgvstinvs ;
_v6
500 _aTraducción de: Umanesimo e mondo moderno. Umanesimo e mondo contemporaneo.
700 1 _aToffanin, Giuseppe.
_9110416
700 1 _aOroz, José.
_987322
830 0 _aAvgvstinvs ;
_v6
_9231548
852 _aES-MaACL
_jC-18702
_bR.46656
999 _c81718
_d81718